[Event "IOM Open-Masters 2017"]
[Site "Douglas"]
[Date "2017.09.30"]
[Round "8"]
[White "Kruse, Janik"]
[Black "Nahnsen, Kenneth"]
[Result "1/2-1/2"]
[WhiteElo "2096"]
[BlackElo "2011"]
[Annotator "NA RC"]
[PlyCount "302"]
[EventDate "2017.??.??"]
[EventType "swiss"]
[EventCountry "GBR"]
[SourceTitle "playchess.com"]
[Source "ChessBase"]
[SourceQuality "1"]

1. d4 Nf6 2. c3 e6 3. Nf3 d5 4. Bg5 Be7 5. e3 Nbd7 6. Nbd2 O-O 7. Bd3 c5 8. O-O b6 9. Ne5 Nxe5 10. dxe5 Nd7 11. Bxe7 Qxe7 12. f4 f5 13. exf6 Nxf6 14. e4 dxe4 15. Nxe4 Bb7 16. Qe2 Rae8 17. Rae1 Nxe4 18. Bxe4 Bxe4 19. Qxe4 Rf5 20. Re2 Qd7 21. g4 Rd5 22. f5 Rd1 23. fxe6 Rxf1+ 24. Kxf1 Qe7 25. Kg2 h5 26. Qg6 hxg4 27. Qxg4 Rf8 28. h4 Qf6 29. Kh3 Qf1+ 30. Rg2 Qh1+ 31. Kg3 Qe1+ 32. Kh2 Qe5+ 33. Qg3 Rf4 34. Kg1 Re4 35. Qxe5 Rxe5 36. Kf2 Rxe6 37. Kf3 Kf7 38. Kf4 g6 39. Rd2 Re7 40. b3 Kg7 41. Rd6 Kh6 42. Rd8 Re2 43. Rh8+ Kg7 44. Rc8 Rxa2 45. Kg5 Rg2+ 46. Kf4 Rc2 47. Kg5 Rf2 48. Rd8 Rf5+ 49. Kg4 Rf7 50. Kg5 c4 51. b4 a5 52. bxa5 Rf5+ 53. Kg4 Rxa5 54. Rc8 b5 55. Rc7+ Kh6 56. Rc6 Ra1 57. Rb6 Rb1 58. Rb8 Rg1+ 59. Kh3 Rb1 60. Kg4 Rc1 61. Rxb5 Rxc3 62. Rc5 Rc1 63. Kg3 c3 64. Kg2 c2 65. Kh2 Kg7 66. Rc6 Kf7 67. Kg2 Ke7 68. Kh2 Kd7 69. Rc3 Kd6 70. Rc8 Kd5 71. Kg2 Kd4 72. Rd8+ Ke3 73. Re8+ Kf4 74. Rc8 Kf5 75. Rc4 Ke6 76. Rc5 Kd6 77. Rc8 Ke7 78. Rc6 Kf7 79. Kh2 Kg7 80. Kg2 Kh6 81. Rc5 Kh7 82. Rc7+ Kh8 83. Kh2 Kg8 84. Kg2 Kf8 85. Kh2 Ke8 86. Kg2 Kd8 87. Rc3 Kd7 88. Kh2 Kd6 89. Kg2 Kd5 90. Rc8 Kd4 91. Rd8+ Ke3 92. Re8+ Kf4 93. Rc8 Kg4 94. Rc4+ Kh5 95. Kh2 Rd1 96. Rxc2 Kxh4 97. Rc4+ Kh5 98. Rc3 Rd4 99. Kg2 Kh4 100. Rh3+ Kg5 101. Ra3 Rg4+ 102. Kh2 Re4 103. Ra5+ Kg4 104. Ra3 Re2+ 105. Kg1 g5 106. Rb3 Kh4 107. Ra3 g4 108. Rb3 Kg5 109. Kf1 Rd2 110. Kg1 Kf4 111. Rb4+ Kg3 112. Rb3+ Kh4 113. Ra3 Re2 114. Kf1 Rh2 115. Kg1 Rh3 116. Ra1 Rb3 117. Ra2 Kg5 118. Kg2 Kh4 119. Kg1 Rg3+ 120. Kh1 Rf3 121. Kg2 Rb3 122. Rc2 Rf3 123. Ra2 Rf4 124. Ra3 Rb4 125. Kg1 Rb2 126. Rc3 Rd2 127. Ra3 Re2 128. Kf1 Rh2 129. Kg1 Rh3 130. Ra2 Rg3+ 131. Kh1 Rc3 132. Kg2 Rc4 133. Ra3 Rb4 134. Kg1 Rc4 135. Kg2 g3 136. Ra8 Rc2+ 137. Kg1 Rc5 138. Rh8+ Rh5 139. Rxh5+ Kxh5 140. Kh1 Kh4 141. Kg2 Kg4 142. Kg1 Kg5 143. Kg2 Kf4 144. Kg1 Kg5 145. Kg2 Kh4 146. Kg1 Kh3 147. Kh1 Kg4 148. Kg2 Kf4 149. Kg1 Kf3 150. Kf1 g2+ 151. Kg1 Kg3 1/2-1/2

[Event "IOM Open-Masters 2017"]
[Site "Douglas"]
[Date "2017.09.30"]
[Round "8"]
[White "Bianco, Valerio"]
[Black "Mannion, Stephen R"]
[Result "0-1"]
[WhiteElo "2086"]
[BlackElo "2320"]
[Annotator "TA"]
[PlyCount "124"]
[EventDate "2017.??.??"]
[EventType "swiss"]
[EventCountry "GBR"]
[SourceTitle "playchess.com"]
[Source "ChessBase"]
[SourceQuality "1"]

1. e4 e5 2. Nf3 Nc6 3. d4 exd4 4. Nxd4 Nf6 5. Nxc6 bxc6 6. Nd2 d5 7. exd5 cxd5 8. Bb5+ Bd7 9. Bxd7+ Qxd7 10. O-O Be7 11. c4 O-O 12. cxd5 Qxd5 13. Nf3 Rab8 14. Qc2 Bd6 15. Be3 a5 16. Rfd1 Qh5 17. h3 Rfe8 18. Rd4 Qb5 19. Rd2 Ne4 20. Re2 f5 21. Bd4 c5 22. Bc3 a4 23. Rae1 h6 24. g3 g6 25. Nd2 Ng5 26. Rxe8+ Rxe8 27. Rxe8+ Qxe8 28. Qd3 Qe6 29. Kg2 Kf7 30. f3 f4 31. g4 Be5 32. Qc4 Bd4 33. h4 Nh7 34. Kf1 Nf6 35. Qxe6+ Kxe6 36. Ke2 Kd5 37. Kd3 Nd7 38. Nc4 h5 39. gxh5 gxh5 40. Be1 Ne5+ 41. Nxe5 Bxe5 42. Bc3 c4+ 43. Ke2 Bd6 44. Bf6 Bb4 45. Kd1 Ke6 46. Bd4 Be7 47. Bf2 Bf6 48. Kc2 Kd5 49. Kc1 Kc6 50. Kc2 Kb5 51. Be1 Bd8 52. Bd2 Bxh4 53. Bxf4 Bf6 54. Bh2 Kc5 55. b3 cxb3+ 56. axb3 a3 57. Kb1 Be7 58. Ka2 Kd4 59. Bg3 Bb4 60. f4 Ke4 61. Bh2 h4 62. Kb1 h3 0-1

[Event "IOM Open-Masters 2017"]
[Site "Douglas"]
[Date "2017.09.30"]
[Round "8"]
[White "Harari, Zaki"]
[Black "Hopson, Kevin Mike"]
[Result "0-1"]
[WhiteElo "2027"]
[BlackElo "1929"]
[Annotator "NA RC"]
[PlyCount "122"]
[EventDate "2017.??.??"]
[EventType "swiss"]
[EventCountry "GBR"]
[SourceTitle "playchess.com"]
[Source "ChessBase"]
[SourceQuality "1"]

1. e4 e5 2. Nf3 Nc6 3. Bc4 Bc5 4. O-O d6 5. c3 Nf6 6. d3 a6 7. a4 h6 8. h3 O-O 9. Re1 Ba7 10. Nbd2 a5 11. Nf1 Ne7 12. Ng3 c6 13. Bb3 Qc7 14. d4 Ng6 15. Be3 Re8 16. Qd2 Qe7 17. Nf5 Qf8 18. Qc2 d5 19. dxe5 Nxe4 20. Nd6 Nxd6 21. Bxa7 Bf5 22. Qd1 Rxa7 23. exd6 Rxe1+ 24. Qxe1 Qxd6 25. Qe3 Ra8 26. Nd4 Bd7 27. Bc2 Re8 28. Qd3 Qf4 29. g3 Qg5 30. h4 Qe5 31. Rd1 Bg4 32. Rb1 c5 33. Nb5 Be2 34. Qd2 Bxb5 35. axb5 Qe2 36. Qxe2 Rxe2 37. Bd3 Rd2 38. Bf1 Kf8 39. Kg2 d4 40. Kf3 dxc3 41. bxc3 Rc2 42. b6 Rxc3+ 43. Ke4 Ke7 44. Ba6 Kd6 45. Bxb7 Rc4+ 46. Kf3 Ne5+ 47. Kg2 Rb4 48. Rd1+ Rd4 49. Rb1 a4 50. f4 Nd7 51. Bf3 a3 52. b7 Rd2+ 53. Kh1 Rb2 54. Rd1+ Kc7 55. Rd3 a2 56. Ra3 Rb3 57. b8=Q+ Nxb8 58. Ra7+ Kd6 59. Be4 Rb2 60. Kg1 c4 61. Ra5 c3 0-1

[Event "IOM Open-Masters 2017"]
[Site "Douglas"]
[Date "2017.09.30"]
[Round "8"]
[White "Birkisson, Bjorn Holm"]
[Black "Babar, Michael"]
[Result "1/2-1/2"]
[WhiteElo "2023"]
[BlackElo "2130"]
[Annotator "TA"]
[PlyCount "229"]
[EventDate "2017.??.??"]
[EventType "swiss"]
[EventCountry "GBR"]
[SourceTitle "playchess.com"]
[Source "ChessBase"]
[SourceQuality "1"]

1. Nf3 Nf6 2. d4 g6 3. c4 Bg7 4. Nc3 d6 5. e4 O-O 6. h3 e5 7. d5 Nh5 8. g3 a5 9. Be2 Na6 10. Nh4 Nf6 11. Be3 Nc5 12. Qc2 Bd7 13. O-O-O Qe7 14. Ng2 Ne8 15. g4 f5 16. gxf5 gxf5 17. Bxc5 dxc5 18. Ne3 Nd6 19. exf5 e4 20. Bg4 Rae8 21. Rde1 Qf6 22. Rhg1 Kh8 23. a4 Re7 24. Kb1 Rfe8 25. Re2 Nxf5 26. Bxf5 Bxf5 27. Nxf5 Qxf5 28. Rg4 Qf3 29. Rgxe4 Rxe4 30. Rxe4 Rf8 31. Rh4 h6 32. Ne4 b6 33. Ng5 Qf5 34. Qxf5 Rxf5 35. Ne6 Rxf2 36. Nxc7 Rxb2+ 37. Kc1 Re2 38. d6 Kh7 39. d7 Bf6 40. Rf4 Bg5 41. Kb1 Re7 42. h4 Rxd7 43. hxg5 Rxc7 44. gxh6 Rc6 45. Kc2 Rxh6 46. Rf5 Re6 47. Rd5 Kg6 48. Kb3 Kf6 49. Rh5 Ke7 50. Rh7+ Kd6 51. Rh5 Kc6 52. Rg5 Rd6 53. Rh5 Rd2 54. Rh6+ Rd6 55. Rh5 Rd3+ 56. Kb2 Re3 57. Rh6+ Kc7 58. Rg6 Rd3 59. Rh6 Rd6 60. Rh5 Rf6 61. Rd5 Kc6 62. Kb3 Rd6 63. Rh5 Kd7 64. Re5 Re6 65. Rd5+ Ke7 66. Rh5 Re3+ 67. Kb2 Rf3 68. Rh6 Rf6 69. Rh5 Ke6 70. Kb3 Rf5 71. Rh6+ Ke5 72. Rxb6 Rf3+ 73. Kc2 Kd4 74. Rh6 Kxc4 75. Rh4+ Kd5 76. Rh5+ Kd4 77. Rh8 Rf2+ 78. Kb3 c4+ 79. Ka3 Rf3+ 80. Kb2 Rb3+ 81. Kc2 Rb6 82. Ra8 Rg6 83. Rd8+ Kc5 84. Rc8+ Rc6 85. Ra8 Kb4 86. Rb8+ Kxa4 87. Kc3 Rg6 88. Kxc4 Rc6+ 89. Kd3 Ka3 90. Kd2 a4 91. Rb7 Ka2 92. Rb8 a3 93. Rb7 Ka1 94. Rb8 Rg6 95. Kc2 Rg2+ 96. Kc1 Rb2 97. Ra8 Ka2 98. Ra6 Rb4 99. Kc2 Rc4+ 100. Kd3 Rc5 101. Rb6 Ka1 102. Kd2 Rh5 103. Kc2 Ka2 104. Rb8 Rh2+ 105. Kc1 Rb2 106. Ra8 Rb5 107. Kc2 Rc5+ 108. Kd2 Kb3 109. Rb8+ Ka4 110. Ra8+ Kb4 111. Rb8+ Kc4 112. Kc2 Ra5 113. Kb1 a2+ 114. Ka1 Ra4 115. Rb2 1/2-1/2

[Event "IOM Open-Masters 2017"]
[Site "Douglas"]
[Date "2017.09.30"]
[Round "8"]
[White "Jonsson, Gauti Pall"]
[Black "Rakesh Kumar Jena"]
[Result "0-1"]
[WhiteElo "2011"]
[BlackElo "2418"]
[Annotator "TA"]
[PlyCount "122"]
[EventDate "2017.??.??"]
[EventType "swiss"]
[EventCountry "GBR"]
[SourceTitle "playchess.com"]
[Source "ChessBase"]
[SourceQuality "1"]

1. e4 c5 2. Nc3 e6 3. f4 Nc6 4. Nf3 a6 5. g3 d5 6. d3 Nf6 7. e5 Nd7 8. Bg2 Be7 9. O-O O-O 10. Bd2 b5 11. Qe2 b4 12. Nd1 Bb7 13. Nf2 Nb6 14. g4 Qd7 15. g5 Rfc8 16. Ng4 Bf8 17. f5 exf5 18. Nf6+ gxf6 19. gxf6 Re8 20. d4 f4 21. Nh4 cxd4 22. Bxf4 Nc4 23. Qh5 N4xe5 24. Nf5 Re6 25. Bh3 Rxf6 26. Kh1 Qc7 27. Rg1+ Rg6 28. Nh4 Bg7 29. Raf1 d3 30. cxd3 d4 31. Bg2 Ne7 32. Rc1 Bxg2+ 33. Rxg2 Qd6 34. Re1 f6 35. Nxg6 hxg6 36. Qh3 Qd5 37. Bxe5 fxe5 38. Qg3 Rf8 39. h4 Rf3 40. Qg4 Rf4 41. Qg3 Bf6 42. Rc1 Qf3 43. Qxf3 Rxf3 44. Rc4 a5 45. Rc5 Rxd3 46. Rxa5 Rh3+ 47. Kg1 d3 48. Ra6 Bxh4 49. Rd6 Kf7 50. a4 bxa3 51. bxa3 d2 52. Rgxd2 Rxa3 53. Re2 Bg3 54. Re4 Bf4 55. Kg2 Nf5 56. Rc6 Ra2+ 57. Kf3 Ra3+ 58. Kf2 g5 59. Rb4 Ra2+ 60. Kf1 Ng3+ 61. Kg1 Be3# 0-1

[Event "IOM Open-Masters 2017"]
[Site "Douglas"]
[Date "2017.09.30"]
[Round "8"]
[White "Frank, Tena"]
[Black "Maroroa, Sue"]
[Result "0-1"]
[WhiteElo "2002"]
[BlackElo "2083"]
[Annotator "NA RC"]
[PlyCount "96"]
[EventDate "2017.??.??"]
[EventType "swiss"]
[EventCountry "GBR"]
[SourceTitle "playchess.com"]
[Source "ChessBase"]
[SourceQuality "1"]

1. d4 Nf6 2. c4 e6 3. Nc3 Bb4 4. Qc2 O-O 5. e3 Re8 6. Bd3 d5 7. a3 Bf8 8. Nf3 c5 9. dxc5 dxc4 10. Bxc4 Bxc5 11. O-O a6 12. b4 Be7 13. Bb2 Nbd7 14. Rfd1 Qc7 15. Ba2 b5 16. Rac1 Bb7 17. Qe2 Qb6 18. Rd2 Bxf3 19. Qxf3 Ne5 20. Qe2 Rac8 21. Rd4 Red8 22. Rcd1 Rxd4 23. Rxd4 Nc6 24. Rd1 Qc7 25. f4 Nb8 26. g4 h6 27. h4 g5 28. hxg5 hxg5 29. Rf1 gxf4 30. exf4 Qb6+ 31. Rf2 Kf8 32. g5 Ng8 33. Kg2 Nc6 34. Ne4 Nd8 35. Ba1 Qc6 36. Kg3 Nb7 37. Bb1 Qc4 38. Qb2 Qc1 39. Qg7+ Ke8 40. Qxg8+ Kd7 41. Qxc8+ Qxc8 42. Rd2+ Ke8 43. Rh2 Qc1 44. Nf6+ Bxf6 45. Bxf6 Qxb1 46. Rh8+ Kd7 47. Rf8 Nd6 48. Be5 Ne4+ 0-1

[Event "IOM Open-Masters 2017"]
[Site "Douglas"]
[Date "2017.09.30"]
[Round "8"]
[White "Dahl, Baard"]
[Black "Prueske, Wolfgang"]
[Result "1-0"]
[WhiteElo "1974"]
[BlackElo "2046"]
[Annotator "NA RC"]
[PlyCount "89"]
[EventDate "2017.??.??"]
[EventType "swiss"]
[EventCountry "GBR"]
[SourceTitle "playchess.com"]
[Source "ChessBase"]
[SourceQuality "1"]

1. e4 c6 2. d4 d5 3. exd5 cxd5 4. c4 Nf6 5. Nc3 g6 6. Qb3 Bg7 7. cxd5 O-O 8. Nge2 Na6 9. g3 b5 10. a3 Rb8 11. Bf4 Rb6 12. Be5 Bf5 13. Rd1 Qd7 14. Bg2 b4 15. Na4 Rb5 16. Nc5 Nxc5 17. dxc5 Rxc5 18. Qxb4 Rfc8 19. Nc3 Bh3 20. O-O Bxg2 21. Kxg2 Rc4 22. Qb3 Qf5 23. Rde1 Nh5 24. Bxg7 Kxg7 25. Qd1 Nf6 26. Rxe7 Rd8 27. Qe2 Rd4 28. Qe6 Nxd5 29. Qxf5 gxf5 30. Nxd5 R8xd5 31. Rxa7 Rd2 32. b4 Ra2 33. a4 Rd4 34. b5 Rb4 35. Ra6 f4 36. b6 fxg3 37. hxg3 Raxa4 38. Rxa4 Rxa4 39. Rb1 Ra8 40. b7 Rb8 41. Kf3 Kf6 42. Kf4 h6 43. Rb6+ Ke7 44. Ke5 Kd7 45. Kf6 1-0

[Event "IOM Open-Masters 2017"]
[Site "Douglas"]
[Date "2017.10.01"]
[Round "9"]
[White "Anand, Viswanathan"]
[Black "Hou, Yifan"]
[Result "1-0"]
[WhiteElo "2794"]
[BlackElo "2670"]
[Annotator "TA"]
[PlyCount "105"]
[EventDate "2017.??.??"]
[EventType "swiss"]
[EventCountry "GBR"]
[SourceTitle "playchess.com"]
[Source "ChessBase"]
[SourceQuality "1"]

1. e4 e5 2. Nf3 Nf6 3. Nxe5 d6 4. Nf3 Nxe4 5. d3 Nf6 6. d4 d5 7. Bd3 Be7 8. O-O O-O 9. Re1 Bg4 10. Bg5 Nbd7 11. Nbd2 Re8 12. c3 c6 13. Qc2 h6 14. Bf4 Nh5 15. Be5 Bg5 16. h3 Bxf3 17. Nxf3 Bf4 18. Bh7+ Kh8 19. Bxf4 Nxf4 20. Bf5 Qc7 21. Bxd7 Qxd7 22. Ne5 Qe6 23. Re3 Kg8 24. Rae1 Qc8 25. Nxf7 Rxe3 26. Rxe3 Kxf7 27. Rf3 Kg8 28. Rxf4 Qe6 29. Qf5 Re8 30. Qxe6+ Rxe6 31. Kf1 a5 32. Rf3 Rg6 33. a4 Rd6 34. Ke2 Rd8 35. Kd3 Rb8 36. Rf5 b5 37. axb5 Rxb5 38. Kc2 Rb7 39. f4 Rb8 40. g4 a4 41. Re5 Kf7 42. f5 Ra8 43. Re6 Rc8 44. Re5 Ra8 45. h4 a3 46. bxa3 Rxa3 47. Kb2 Ra8 48. g5 hxg5 49. hxg5 Rb8+ 50. Kc2 Rh8 51. Re6 Rh5 52. g6+ Kf8 53. f6 1-0

[Event "IOM Open-Masters 2017"]
[Site "Douglas"]
[Date "2017.10.01"]
[Round "9"]
[White "Eljanov, Pavel"]
[Black "Swapnil, S. Dhopade"]
[Result "1/2-1/2"]
[WhiteElo "2734"]
[BlackElo "2532"]
[Annotator "TA"]
[PlyCount "81"]
[EventDate "2017.??.??"]
[EventType "swiss"]
[EventCountry "GBR"]
[SourceTitle "playchess.com"]
[Source "ChessBase"]
[SourceQuality "1"]

1. e4 c6 2. d4 d5 3. e5 Bf5 4. Nd2 e6 5. Nb3 Nd7 6. Nf3 a6 7. Be2 c5 8. c3 c4 9. Nbd2 b5 10. Nf1 h6 11. Ng3 Bh7 12. O-O Ne7 13. Nh5 Nc6 14. Bd2 Nb6 15. Ne1 Kd7 16. Nc2 Kc7 17. Ne3 Bg6 18. b3 Bxh5 19. Bxh5 g6 20. Be2 h5 21. Rb1 Be7 22. f4 f5 23. exf6 Bxf6 24. Nc2 Nc8 25. Ne1 Nd6 26. Nf3 Nf5 27. Re1 Qd6 28. Bf1 Rhb8 29. Qc2 Kd7 30. bxc4 bxc4 31. Qa4 Qc7 32. Ng5 Bxg5 33. fxg5 Qa5 34. Qc2 Rxb1 35. Rxb1 Rb8 36. Rxb8 Nxb8 37. g3 Nc6 38. Bh3 Nce7 39. g4 hxg4 40. Bxg4 Nd6 41. Bf3 1/2-1/2

[Event "IOM Open-Masters 2017"]
[Site "Douglas"]
[Date "2017.10.01"]
[Round "9"]
[White "Vallejo Pons, Francisco"]
[Black "Sunilduth Lyna, Narayanan"]
[Result "1/2-1/2"]
[WhiteElo "2716"]
[BlackElo "2568"]
[Annotator "TA"]
[PlyCount "90"]
[EventDate "2017.??.??"]
[EventType "swiss"]
[EventCountry "GBR"]
[SourceTitle "playchess.com"]
[Source "ChessBase"]
[SourceQuality "1"]

1. e4 e5 2. Nf3 Nc6 3. Bb5 a6 4. Ba4 Nf6 5. O-O Be7 6. Re1 b5 7. Bb3 O-O 8. d3 d6 9. a4 b4 10. a5 Be6 11. Nbd2 Rb8 12. Bc4 Qc8 13. b3 h6 14. Bb2 Re8 15. h3 Bf8 16. Nh4 Bxc4 17. bxc4 Nd7 18. Rf1 Qd8 19. Nf5 g6 20. Ne3 Bg7 21. Nb3 Nc5 22. Nd5 Ne6 23. Ra4 Nf4 24. Kh2 Qd7 25. Ra2 Nxd5 26. cxd5 Na7 27. Nd2 Rb5 28. Nc4 c6 29. Ne3 Qd8 30. f4 h5 31. Qf3 Re7 32. f5 Reb7 33. Bc1 b3 34. Rb2 Rxa5 35. Rxb3 Rxb3 36. cxb3 Qd7 37. Nc4 Ra1 38. fxg6 fxg6 39. Be3 Rxf1 40. Qxf1 cxd5 41. Nb6 Qf7 42. Qxf7+ Kxf7 43. Nxd5 Nc6 44. Kg3 Bf6 45. Kf3 Bg7 1/2-1/2

[Event "IOM Open-Masters 2017"]
[Site "Douglas"]
[Date "2017.10.01"]
[Round "9"]
[White "Short, Nigel D"]
[Black "Khmelniker, Ilya"]
[Result "1-0"]
[WhiteElo "2698"]
[BlackElo "2480"]
[Annotator "TA"]
[PlyCount "65"]
[EventDate "2017.??.??"]
[EventType "swiss"]
[EventCountry "GBR"]
[SourceTitle "playchess.com"]
[Source "ChessBase"]
[SourceQuality "1"]

1. d4 Nf6 2. Nf3 g6 3. Bg5 Bg7 4. Nbd2 d6 5. c3 h6 6. Bh4 g5 7. Bg3 Nh5 8. e4 Nd7 9. Nc4 Ndf6 10. Bd3 Nxg3 11. hxg3 e6 12. Ne3 b6 13. d5 O-O 14. dxe6 fxe6 15. Qc2 Bb7 16. O-O-O g4 17. Nh2 Qe7 18. Nhxg4 Nxg4 19. Nxg4 Qg5+ 20. Ne3 b5 21. Kb1 b4 22. cxb4 c5 23. Bc4 Qe5 24. f3 d5 25. Ng4 Qg5 26. Be2 dxe4 27. f4 Qg6 28. Rd7 Bd5 29. Rxg7+ Kxg7 30. Qc3+ Kh7 31. Nxh6 Qxh6 32. Rxh6+ Kxh6 33. bxc5 1-0

[Event "IOM Open-Masters 2017"]
[Site "Douglas"]
[Date "2017.10.01"]
[Round "9"]
[White "Kasimdzhanov, Rustam"]
[Black "Bindrich, Falko"]
[Result "1/2-1/2"]
[WhiteElo "2676"]
[BlackElo "2598"]
[Annotator "TA"]
[PlyCount "60"]
[EventDate "2017.??.??"]
[EventType "swiss"]
[EventCountry "GBR"]
[SourceTitle "playchess.com"]
[Source "ChessBase"]
[SourceQuality "1"]

1. e4 e5 2. Nf3 Nc6 3. Bb5 Nf6 4. d3 Bc5 5. Bxc6 dxc6 6. Nbd2 Be6 7. O-O Nd7 8. Nb3 Bb6 9. Ng5 Bxb3 10. axb3 f6 11. Nf3 O-O 12. Nh4 Nc5 13. Kh1 Qd7 14. Be3 Rad8 15. Qe2 Ne6 16. g4 g6 17. Rg1 Kh8 18. Rg3 Bd4 19. Rb1 a5 20. Nf3 b6 21. Qf1 Rf7 22. Qg2 Qd6 23. Bd2 Bc5 24. Rf1 Bd4 25. Rb1 Bc5 26. h4 Rdf8 27. Rf1 Bd4 28. Rb1 Bc5 29. Rf1 Bd4 30. Rb1 Bc5 1/2-1/2

[Event "IOM Open-Masters 2017"]
[Site "Douglas"]
[Date "2017.10.01"]
[Round "9"]
[White "Movsesian, Sergei"]
[Black "L'ami, Erwin"]
[Result "1/2-1/2"]
[WhiteElo "2671"]
[BlackElo "2611"]
[Annotator "TA"]
[PlyCount "46"]
[EventDate "2017.??.??"]
[EventType "swiss"]
[EventCountry "GBR"]
[SourceTitle "playchess.com"]
[Source "ChessBase"]
[SourceQuality "1"]

1. e4 e5 2. Nf3 Nc6 3. Nc3 Nf6 4. Bb5 Bc5 5. O-O O-O 6. d3 d6 7. h3 Nd4 8. Nxd4 Bxd4 9. Ne2 Bb6 10. Ng3 h6 11. c3 c6 12. Ba4 Be6 13. Re1 Nd7 14. d4 exd4 15. cxd4 d5 16. exd5 Bxd5 17. Bc2 Qf6 18. Be3 Rfe8 19. Qg4 Be6 20. Qd1 Bd5 21. Qg4 Be6 22. Qd1 Bd5 23. Qg4 Be6 1/2-1/2

[Event "IOM Open-Masters 2017"]
[Site "Douglas"]
[Date "2017.10.01"]
[Round "9"]
[White "Adhiban, B."]
[Black "Batsiashvili, Nino"]
[Result "1-0"]
[WhiteElo "2670"]
[BlackElo "2472"]
[Annotator "TA"]
[PlyCount "79"]
[EventDate "2017.??.??"]
[EventType "swiss"]
[EventCountry "GBR"]
[SourceTitle "playchess.com"]
[Source "ChessBase"]
[SourceQuality "1"]

1. c4 e6 2. Nc3 d5 3. d4 Bb4 4. a3 Bxc3+ 5. bxc3 Nf6 6. cxd5 exd5 7. e3 Bf5 8. Ne2 c5 9. f3 h5 10. Ng3 Bg6 11. Bd3 Bxd3 12. Qxd3 c4 13. Qc2 h4 14. Ne2 Qe7 15. O-O Nc6 16. e4 dxe4 17. Bg5 exf3 18. Rxf3 O-O-O 19. Bxf6 gxf6 20. Nf4 Qd6 21. Rb1 Qxa3 22. Qf5+ Kb8 23. Qxf6 Rc8 24. Nd5 Qa2 25. Qf5 Rhd8 26. Rf2 Qa3 27. Qxf7 Na5 28. Rb4 Qc1+ 29. Rf1 Qh6 30. Rfb1 Qc6 31. Ne7 Qc7 32. Qf6 Rd6 33. Qxh4 Re8 34. Re1 Nb3 35. Qf4 Red8 36. Nf5 a5 37. Re7 axb4 38. Rxc7 Kxc7 39. Nxd6 Rxd6 40. Qf7+ 1-0

[Event "IOM Open-Masters 2017"]
[Site "Douglas"]
[Date "2017.10.01"]
[Round "9"]
[White "Riazantsev, Alexander"]
[Black "Visakh, N R"]
[Result "1/2-1/2"]
[WhiteElo "2666"]
[BlackElo "2458"]
[Annotator "TA"]
[PlyCount "108"]
[EventDate "2017.??.??"]
[EventType "swiss"]
[EventCountry "GBR"]
[SourceTitle "playchess.com"]
[Source "ChessBase"]
[SourceQuality "1"]

1. d4 Nf6 2. c4 e6 3. Nf3 d5 4. Nc3 Be7 5. cxd5 exd5 6. Qc2 c6 7. Bg5 Nbd7 8. e3 Nh5 9. Bxe7 Qxe7 10. O-O-O Nb6 11. h3 g6 12. Bd3 Be6 13. Kb1 Ng7 14. g4 O-O-O 15. Na4 Nxa4 16. Qxa4 Kb8 17. Rc1 f6 18. Rc3 Rd6 19. Rhc1 Rc8 20. Ne1 Bf7 21. Nc2 Be8 22. Nb4 Ne6 23. Ra3 b6 24. Rac3 Qd7 25. Ba6 Rc7 26. Bf1 Rc8 27. Ba6 Rc7 28. Be2 Rc8 29. Bb5 Nd8 30. Ba6 Rc7 31. Bd3 Rc8 32. Na6+ Ka8 33. b4 Qb7 34. b5 Bd7 35. Qa3 Nf7 36. bxc6 Rcxc6 37. Rxc6 Bxc6 38. Bb5 Bxb5 39. Nc7+ Kb8 40. Nxb5 Rd7 41. Qf8+ Rd8 42. Qg7 Qd7 43. Nc3 Qe7 44. Qxh7 Rc8 45. Qxg6 Qb4+ 46. Ka1 Rxc3 47. Qg8+ Kb7 48. Qxf7+ Ka6 49. Rb1 Rb3 50. Rxb3 Qe1+ 51. Kb2 Qd2+ 52. Kb1 Qd1+ 53. Kb2 Qd2+ 54. Kb1 Qd1+ 1/2-1/2

[Event "IOM Open-Masters 2017"]
[Site "Douglas"]
[Date "2017.10.01"]
[Round "9"]
[White "Granda Zuniga, Julio E"]
[Black "Harsha, Bharathakoti"]
[Result "1-0"]
[WhiteElo "2653"]
[BlackElo "2394"]
[Annotator "TA"]
[PlyCount "101"]
[EventDate "2017.??.??"]
[EventType "swiss"]
[EventCountry "GBR"]
[SourceTitle "playchess.com"]
[Source "ChessBase"]
[SourceQuality "1"]

1. c4 e5 2. Nc3 Nf6 3. g3 c6 4. Nf3 e4 5. Nd4 Qb6 6. Nc2 d5 7. d4 exd3 8. Qxd3 dxc4 9. Qxc4 Be6 10. Qf4 Nd5 11. Nxd5 Bxd5 12. Qe5+ Be6 13. Be3 Nd7 14. Qc3 Qa6 15. Bd4 f6 16. e4 b5 17. Be3 Ne5 18. f4 Ng4 19. Bg1 Be7 20. h3 Nh6 21. a4 Qb7 22. Bc5 O-O 23. Nd4 Bf7 24. Bg2 Bxc5 25. Qxc5 Qb6 26. b4 Bc4 27. Nxc6 Qxc5 28. bxc5 bxa4 29. e5 Rae8 30. Rxa4 Bb5 31. Rxa7 Nf5 32. Rg1 Kh8 33. Kf2 Rc8 34. g4 Bxc6 35. gxf5 Bxg2 36. Rxg2 fxe5 37. Rgxg7 Rxf5 38. Rxh7+ Kg8 39. Rag7+ Kf8 40. Rc7 Rxf4+ 41. Kg3 Rxc7 42. Rxc7 Rc4 43. h4 e4 44. h5 e3 45. h6 Kg8 46. Kf3 Rc3 47. c6 Kh8 48. Ke2 Kg8 49. Rg7+ Kh8 50. c7 Rc2+ 51. Kd3 1-0

[Event "IOM Open-Masters 2017"]
[Site "Douglas"]
[Date "2017.10.01"]
[Round "9"]
[White "Sargissian, Gabriel"]
[Black "Nihal, Sarin"]
[Result "1-0"]
[WhiteElo "2652"]
[BlackElo "2483"]
[Annotator "TA"]
[PlyCount "107"]
[EventDate "2017.??.??"]
[EventType "swiss"]
[EventCountry "GBR"]
[SourceTitle "playchess.com"]
[Source "ChessBase"]
[SourceQuality "1"]

1. d4 Nf6 2. Nf3 d5 3. c4 e6 4. e3 b6 5. Nc3 Bb7 6. cxd5 exd5 7. Bb5+ c6 8. Bd3 Nbd7 9. O-O Bd6 10. e4 dxe4 11. Nxe4 Nxe4 12. Bxe4 h6 13. Bc2 O-O 14. Qd3 Nf6 15. Ne5 c5 16. Ng4 Ne4 17. f3 c4 18. Qxc4 Qh4 19. Bxe4 Bxe4 20. g3 Bxg3 21. Qe2 f5 22. hxg3 Qxg3+ 23. Qg2 Qxg2+ 24. Kxg2 Bd3 25. Rd1 Be2 26. Nxh6+ gxh6 27. Re1 Rfe8 28. Bxh6 Bc4 29. Bf4 Rxe1 30. Rxe1 Kf7 31. b3 Be6 32. Rh1 a5 33. Rh7+ Kg6 34. Re7 Bf7 35. Rd7 Re8 36. Be5 f4 37. Rb7 Re6 38. Kh3 Rc6 39. Kg4 Bd5 40. Rg7+ Kh6 41. Kxf4 Rc3 42. Rg3 b5 43. Bd6 a4 44. Ke5 Ba8 45. Bf8+ Kh5 46. bxa4 bxa4 47. d5 Re3+ 48. Kf4 Rd3 49. d6 a3 50. Be7 Bc6 51. Rg5+ Kh6 52. Rc5 Bd7 53. Ke4 Rd1 54. Rc3 1-0

[Event "IOM Open-Masters 2017"]
[Site "Douglas"]
[Date "2017.10.01"]
[Round "9"]
[White "Sethuraman, S.P"]
[Black "Swayams, Mishra"]
[Result "1/2-1/2"]
[WhiteElo "2617"]
[BlackElo "2444"]
[Annotator "TA"]
[PlyCount "93"]
[EventDate "2017.??.??"]
[EventType "swiss"]
[EventCountry "GBR"]
[SourceTitle "playchess.com"]
[Source "ChessBase"]
[SourceQuality "1"]

1. e4 e5 2. Nf3 Nc6 3. Bb5 a6 4. Ba4 Nf6 5. O-O Be7 6. d3 b5 7. Bb3 O-O 8. a4 Bb7 9. Re1 d6 10. Nbd2 Nd7 11. c3 Nc5 12. Bc2 Nxa4 13. Bxa4 bxa4 14. Qxa4 Kh8 15. b4 f5 16. Bb2 Qe8 17. Nf1 Qg6 18. Ng3 fxe4 19. dxe4 Rae8 20. c4 Nd8 21. c5 Ne6 22. Qb3 Nf4 23. b5 axb5 24. Ra7 Rb8 25. c6 Bxc6 26. Rxc7 Qe8 27. Nf5 Bd7 28. Nxe7 Qxe7 29. Rd1 Qd8 30. Ra7 Be6 31. Qb4 Qb6 32. Ra3 Rbd8 33. Rd2 Bc4 34. g3 Ne6 35. Re3 Nc5 36. Ba3 Qc6 37. Nxe5 dxe5 38. Qxc5 Qxc5 39. Bxc5 Rxd2 40. Bxf8 Rd1+ 41. Kg2 Kg8 42. Bb4 Bf1+ 43. Kf3 Kf7 44. Ra3 Rd3+ 45. Rxd3 Bxd3 46. Ke3 Bc2 47. f3 1/2-1/2